[Event "Qatar Masters Open 2014"]
[Site "Doha QAT"]
[Date "2014.11.26"]
[Round "1.56"]
[White "Basso, Pier Luigi"]
[Black "Miton, Kamil"]
[Result "1/2-1/2"]
[WhiteElo "2335"]
[BlackElo "2601"]
[PlyCount "179"]
[EventDate "2014.11.26"]
[EventType "swiss"]
[EventRounds "9"]
[EventCountry "QAT"]
[Source "lmi"]
[SourceDate "2014.11.26"]

1. c4 e5 2. g3 Nc6 3. Nc3 Bb4 4. Nd5 a5 5. Bg2 Nf6 6. Nf3 d6 7. O-O Bc5 8. d3
h6 9. e3 O-O 10. b3 Be6 11. d4 Ba7 12. Bb2 Nxd5 13. cxd5 Bxd5 14. dxe5 dxe5 15.
Nxe5 Bxg2 16. Kxg2 Nxe5 17. Bxe5 Qe8 18. Bb2 Qe6 19. Qh5 a4 20. Qe5 Qxe5 21.
Bxe5 Bb6 22. Rfc1 Rfe8 23. Bd4 Bxd4 24. exd4 c6 25. Rab1 axb3 26. Rxb3 Rxa2 27.
Rxb7 Ree2 28. Rf1 Red2 29. Rd7 Rac2 30. h4 g6 31. Kf3 Rc3+ 32. Kf4 Kg7 33. f3
Kf6 34. Re1 Rdd3 35. Rd6+ Kg7 36. Rf1 Kf8 37. Rd7 Ke8 38. Rc7 Rxd4+ 39. Ke5
Rdd3 40. Ke4 Re3+ 41. Kf4 Re6 42. g4 Kf8 43. g5 Rc4+ 44. Kg3 hxg5 45. hxg5 Re7
46. Rc8+ Re8 47. Rc7 Re5 48. f4 Rf5 49. Rf2 c5 50. Rf1 Rc3+ 51. Kg4 Rc2 52. Ra1
Rc4 53. Rf1 Rd4 54. Kg3 Ke8 55. Rc1 Rdxf4 56. Re1+ Kd8 57. Ree7 Rf3+ 58. Kg2
Rd3 59. Ra7 Rxg5+ 60. Kf2 Rf5+ 61. Ke2 Rdd5 62. Rxf7 Rxf7 63. Rxf7 Rf5 64. Rg7
Rf6 65. Kd3 Ke8 66. Rc7 Rf5 67. Rg7 Rg5 68. Rc7 Kf8 69. Ke4 Rf5 70. Ke3 g5 71.
Ke4 Rf4+ 72. Ke3 Rf5 73. Ke4 Rf4+ 74. Ke3 c4 75. Rc5 Rg4 76. Kf3 Rf4+ 77. Ke3
Rg4 78. Kf3 Rd4 79. Rxg5 Ke7 80. Rg6 Kd7 81. Ke3 Rd3+ 82. Ke2 Rd5 83. Rg4 Rc5
84. Kd2 Kc6 85. Kc3 Kb5 86. Rg8 Rh5 87. Rb8+ Kc5 88. Rc8+ Kb5 89. Rb8+ Kc5 90.
Rc8+ 1/2-1/2

[Event "Qatar Masters Open 2014"]
[Site "Doha QAT"]
[Date "2014.11.26"]
[Round "1.58"]
[White "Gholami, Aryan"]
[Black "Bogner, Sebastian"]
[Result "0-1"]
[WhiteElo "2333"]
[BlackElo "2598"]
[PlyCount "84"]
[EventDate "2014.11.26"]
[EventType "swiss"]
[EventRounds "9"]
[EventCountry "QAT"]
[Source "lmi"]
[SourceDate "2014.11.26"]

1. d4 Nf6 2. Nf3 e6 3. Bf4 c5 4. e3 cxd4 5. exd4 b6 6. Nbd2 Be7 7. Bd3 Bb7 8.
O-O O-O 9. h3 d6 10. Bh2 Re8 11. c3 Nbd7 12. a4 a6 13. Re1 Bf8 14. Qc2 g6 15.
c4 d5 16. Qb3 dxc4 17. Bxc4 Rc8 18. Rad1 Bd5 19. Ne5 Nb8 20. Bxd5 Nxd5 21. Ne4
Nc6 22. Qf3 f5 23. Nxc6 Rxc6 24. Nc3 Kf7 25. Qd3 Bb4 26. Qxa6 Qc8 27. Qd3 Bxc3
28. bxc3 Rxc3 29. Qd2 f4 30. Re4 g5 31. h4 Rc2 32. Qd3 Qc3 33. Qb5 h6 34. Ree1
Re7 35. Qa6 Qc4 36. Qa8 Qc8 37. Qxc8 Rxc8 38. hxg5 hxg5 39. g3 Kf6 40. gxf4
gxf4 41. Re4 Rg7+ 42. Kh1 Rh7 0-1

[Event "Qatar Masters Open 2014"]
[Site "Doha QAT"]
[Date "2014.11.26"]
[Round "1.59"]
[White "Lenderman, Aleksandr"]
[Black "Abdumalik, Zhansaya"]
[Result "1-0"]
[WhiteElo "2598"]
[BlackElo "2332"]
[PlyCount "91"]
[EventDate "2014.11.26"]
[EventType "swiss"]
[EventRounds "9"]
[EventCountry "QAT"]
[Source "lmi"]
[SourceDate "2014.11.26"]

1. d4 Nf6 2. c4 g6 3. Nc3 d5 4. Bg5 Bg7 5. Nf3 Ne4 6. Bf4 Nxc3 7. bxc3 c5 8. e3
O-O 9. cxd5 Qxd5 10. Be2 cxd4 11. cxd4 Nc6 12. O-O Bf5 13. Qa4 Rac8 14. Rfc1
Qa5 15. Qxa5 Nxa5 16. Ne1 Nc6 17. Bf3 Rfe8 18. g4 Bd7 19. Nd3 e5 20. Bxc6 bxc6
21. Bxe5 f6 22. Bd6 Bxg4 23. Kg2 Bf5 24. Nc5 g5 25. Rc3 h5 26. Ra3 Rcd8 27. Bc7
Ra8 28. Ra6 Rec8 29. Bd6 Bf8 30. Bxf8 Kxf8 31. e4 Bg6 32. Rb1 Kg7 33. Rb7+ Kh6
34. f3 Rd8 35. Nd7 Rac8 36. Raxa7 g4 37. Kg3 Ra8 38. fxg4 Rxa7 39. Rxa7 hxg4
40. Nxf6 Kg5 41. Nxg4 Bxe4 42. h4+ Kg6 43. h5+ Kg5 44. Re7 Bf5 45. Re5 Rg8 46.
a4 1-0

[Event "Qatar Masters Open 2014"]
[Site "Doha QAT"]
[Date "2014.11.26"]
[Round "1.60"]
[White "Lammers, Markus"]
[Black "Guseinov, Gadir"]
[Result "0-1"]
[WhiteElo "2327"]
[BlackElo "2592"]
[PlyCount "48"]
[EventDate "2014.11.26"]
[EventType "swiss"]
[EventRounds "9"]
[EventCountry "QAT"]
[Source "lmi"]
[SourceDate "2014.11.26"]

1. e4 c5 2. Nf3 g6 3. d4 Bg7 4. d5 d6 5. Be2 Nf6 6. Nc3 O-O 7. O-O Bg4 8. h3
Bxf3 9. Bxf3 Nfd7 10. g4 Na6 11. Bg2 Nc7 12. a4 a6 13. a5 Nb5 14. Ne2 b6 15. c4
Nd4 16. Be3 bxa5 17. Nxd4 cxd4 18. Bd2 Qb6 19. Ra2 Rfb8 20. Qa1 a4 21. Rxa4
Qxb2 22. Rxa6 Rxa6 23. Qxa6 Qxd2 24. Qa7 Be5 0-1

[Event "Qatar Masters Open 2014"]
[Site "Doha QAT"]
[Date "2014.11.26"]
[Round "1.61"]
[White "Hovhannisyan, Robert"]
[Black "Gara, Ticia"]
[Result "1-0"]
[WhiteElo "2591"]
[BlackElo "2326"]
[PlyCount "57"]
[EventDate "2014.11.26"]
[EventType "swiss"]
[EventRounds "9"]
[EventCountry "QAT"]
[Source "lmi"]
[SourceDate "2014.11.26"]

1. e4 c5 2. Nf3 d6 3. d4 cxd4 4. Nxd4 Nf6 5. Nc3 Nc6 6. Bg5 e6 7. Qd2 a6 8.
Nxc6 bxc6 9. O-O-O Be7 10. Bxf6 gxf6 11. Bc4 Rb8 12. Bb3 Qb6 13. f4 c5 14. Qe2
a5 15. f5 h5 16. a4 Kf8 17. Nb5 Bd7 18. Bc4 Bxb5 19. Bxb5 Rh7 20. Rhf1 Rd8 21.
Rf3 d5 22. e5 fxe5 23. f6 e4 24. fxe7+ Kxe7 25. Rf4 c4 26. Qe1 f6 27. Qh4 Rf8
28. Rxe4 Rc8 29. Rxd5 1-0

[Event "Qatar Masters Open 2014"]
[Site "Doha QAT"]
[Date "2014.11.26"]
[Round "1.62"]
[White "Zhai, Mo"]
[Black "Salem, A.R. Saleh"]
[Result "0-1"]
[WhiteElo "2325"]
[BlackElo "2586"]
[PlyCount "58"]
[EventDate "2014.11.26"]
[EventType "swiss"]
[EventRounds "9"]
[EventCountry "QAT"]
[Source "lmi"]
[SourceDate "2014.11.26"]

1. d4 Nf6 2. c4 g6 3. Nc3 Bg7 4. e4 d6 5. Nf3 O-O 6. Be2 c6 7. O-O e5 8. Re1
exd4 9. Nxd4 Re8 10. Bf1 Nbd7 11. Rb1 a5 12. a3 a4 13. f3 Nc5 14. Be3 Nfd7 15.
Qd2 Ne5 16. Rbd1 Qb6 17. Kh1 Bd7 18. h3 Rad8 19. f4 Bc8 20. Nc2 Ned7 21. Nxa4
Qc7 22. Nxc5 Nxc5 23. e5 Ne4 24. exd6 Rxd6 25. Qb4 Ng3+ 26. Kg1 Rxd1 27. Rxd1
Bf5 28. Bd3 Rxe3 29. Nxe3 Bd4 0-1

[Event "Qatar Masters Open 2014"]
[Site "Doha QAT"]
[Date "2014.11.26"]
[Round "1.63"]
[White "Wen, Yang"]
[Black "Dimitrijevic, Aleksandra"]
[Result "1-0"]
[WhiteElo "2586"]
[BlackElo "2323"]
[PlyCount "75"]
[EventDate "2014.11.26"]
[EventType "swiss"]
[EventRounds "9"]
[EventCountry "QAT"]
[Source "lmi"]
[SourceDate "2014.11.26"]

1. Nf3 Nf6 2. g3 d6 3. d4 c6 4. Bg2 h6 5. O-O Bf5 6. b3 g5 7. Bb2 Bg7 8. c4
Nbd7 9. Nc3 Ne4 10. Rc1 h5 11. h4 g4 12. Nd2 Nxd2 13. Qxd2 Qa5 14. e3 Bg6 15.
a3 e5 16. b4 Qc7 17. Ne4 Rd8 18. dxe5 Nxe5 19. Bd4 Qe7 20. Qc3 O-O 21. Rfd1
Rfe8 22. c5 d5 23. Nd6 Rxd6 24. cxd6 Qxd6 25. b5 Re6 26. bxc6 bxc6 27. a4 Qd7
28. e4 Nf3+ 29. Bxf3 Bxd4 30. Rxd4 gxf3 31. exd5 Rf6 32. Kh2 cxd5 33. Rxd5 Qe7
34. Re1 Rc6 35. Qd2 Qf6 36. Qh6 Rc8 37. Rde5 Qc6 38. Re6 1-0

[Event "Qatar Masters Open 2014"]
[Site "Doha QAT"]
[Date "2014.11.26"]
[Round "1.64"]
[White "Mammadzada, Gunay"]
[Black "Ju, Wenjun"]
[Result "1/2-1/2"]
[WhiteElo "2316"]
[BlackElo "2582"]
[PlyCount "62"]
[EventDate "2014.11.26"]
[EventType "swiss"]
[EventRounds "9"]
[EventCountry "QAT"]
[Source "lmi"]
[SourceDate "2014.11.26"]

1. e4 e6 2. d4 d5 3. Nd2 h6 4. Ngf3 Nf6 5. Bd3 c5 6. dxc5 dxe4 7. Nxe4 Nxe4 8.
Bxe4 Qxd1+ 9. Kxd1 Bxc5 10. Be3 Bxe3 11. fxe3 Nd7 12. c4 a5 13. Ke2 Ke7 14. b3
Nc5 15. Bc2 Bd7 16. Ne5 Be8 17. a3 f6 18. Nf3 Bc6 19. b4 Be4 20. Bxe4 Nxe4 21.
Nd4 Rhd8 22. c5 e5 23. Nf5+ Ke6 24. Nxg7+ Kf7 25. Nf5 Rd2+ 26. Kf3 Ng5+ 27. Kg3
Ke6 28. Ng7+ Kf7 29. Nf5 Ke6 30. Ng7+ Kf7 31. Nf5 Ke6 1/2-1/2

[Event "Qatar Masters Open 2014"]
[Site "Doha QAT"]
[Date "2014.11.26"]
[Round "1.66"]
[White "Pourkashiyan, Atousa"]
[Black "Gopal, G.N."]
[Result "0-1"]
[WhiteElo "2312"]
[BlackElo "2580"]
[PlyCount "68"]
[EventDate "2014.11.26"]
[EventType "swiss"]
[EventRounds "9"]
[EventCountry "QAT"]
[Source "lmi"]
[SourceDate "2014.11.26"]

1. e4 c5 2. Nf3 d6 3. d4 cxd4 4. Nxd4 Nf6 5. Nc3 a6 6. Be2 e5 7. Nb3 Be7 8. O-O
O-O 9. Be3 Be6 10. Qd2 Nbd7 11. a4 Nb6 12. a5 Nc4 13. Bxc4 Bxc4 14. Rfd1 Rc8
15. f3 Rc6 16. Nd5 Nxd5 17. exd5 Rc8 18. Nc1 f5 19. b3 Bb5 20. c4 Bd7 21. Ne2
f4 22. Bf2 Qe8 23. Nc3 Rf6 24. Kf1 Qh5 25. Bg1 Rg6 26. Ne4 Bh3 27. gxh3 Qxf3+
28. Nf2 e4 29. Qc2 e3 30. Qd3 Bh4 31. Ra2 Rxg1+ 32. Kxg1 Bxf2+ 33. Rxf2 Qxf2+
34. Kh1 e2 0-1

[Event "Qatar Masters Open 2014"]
[Site "Doha QAT"]
[Date "2014.11.26"]
[Round "1.67"]
[White "Zhao, Jun"]
[Black "Christiansen, Johan-Sebastian"]
[Result "1-0"]
[WhiteElo "2578"]
[BlackElo "2310"]
[PlyCount "53"]
[EventDate "2014.11.26"]
[EventType "swiss"]
[EventRounds "9"]
[EventCountry "QAT"]
[Source "lmi"]
[SourceDate "2014.11.26"]

1. e4 e6 2. d3 c5 3. Nf3 Nc6 4. g3 g6 5. Bg2 Bg7 6. O-O Nge7 7. Re1 O-O 8. e5
Qc7 9. Qe2 Nf5 10. c3 b6 11. Bf4 h6 12. h4 Ba6 13. Nbd2 Rad8 14. Ne4 Kh8 15. g4
Nxh4 16. Nxh4 g5 17. Bh2 gxh4 18. g5 Ne7 19. Qh5 Ng6 20. Nd6 h3 21. Be4 Kh7 22.
Nxf7 Rxf7 23. Bxg6+ Kh8 24. gxh6 Bf8 25. Bxf7 Qc6 26. Re4 Bxd3 27. Qg6 1-0

[Event "Qatar Masters Open 2014"]
[Site "Doha QAT"]
[Date "2014.11.26"]
[Round "1.69"]
[White "Grandelius, Nils"]
[Black "Nuri, Kambez"]
[Result "1-0"]
[WhiteElo "2573"]
[BlackElo "2300"]
[PlyCount "35"]
[EventDate "2014.11.26"]
[EventType "swiss"]
[EventRounds "9"]
[EventCountry "QAT"]
[Source "lmi"]
[SourceDate "2014.11.26"]

1. Nf3 d6 2. d4 Nf6 3. Nc3 Bf5 4. Bg5 Nbd7 5. Nh4 Bg4 6. h3 Bh5 7. g4 Bg6 8.
Bg2 c6 9. f4 Nd5 10. Nxd5 cxd5 11. f5 f6 12. Nxg6 hxg6 13. Bf4 gxf5 14. gxf5
Qb6 15. Qd3 Qxb2 16. O-O Rc8 17. Rab1 Qxa2 18. Rxb7 1-0

[Event "Qatar Masters Open 2014"]
[Site "Doha QAT"]
[Date "2014.11.26"]
[Round "1.70"]
[White "Salih, Akar Ali Salih"]
[Black "Cornette, Matthieu"]
[Result "0-1"]
[WhiteElo "2284"]
[BlackElo "2566"]
[PlyCount "56"]
[EventDate "2014.11.26"]
[EventType "swiss"]
[EventRounds "9"]
[EventCountry "QAT"]
[Source "lmi"]
[SourceDate "2014.11.26"]

1. e4 e5 2. Nf3 Nc6 3. Nc3 g6 4. Bc4 Bg7 5. d3 h6 6. a3 Nge7 7. O-O d6 8. h3
O-O 9. Nh2 Kh7 10. Ba2 f5 11. Nd5 Nxd5 12. Bxd5 Ne7 13. Bb3 c6 14. c3 d5 15.
Kh1 b6 16. exf5 Nxf5 17. Nf3 Ba6 18. Re1 Nh4 19. Nxe5 Rxf2 20. Re2 Qf6 21. Bg5
Qxg5 22. Rxf2 Bxe5 23. Qg4 Nf5 24. d4 Bg3 25. Qxg5 hxg5 26. Rd2 Re8 27. Ba4 Re6
28. Bc2 Bf4 0-1

[Event "Qatar Masters Open 2014"]
[Site "Doha QAT"]
[Date "2014.11.26"]
[Round "1.71"]
[White "Gabuzyan, Hovhannes"]
[Black "Gu, Xiaobing"]
[Result "1/2-1/2"]
[WhiteElo "2565"]
[BlackElo "2283"]
[PlyCount "159"]
[EventDate "2014.11.26"]
[EventType "swiss"]
[EventRounds "9"]
[EventCountry "QAT"]
[Source "lmi"]
[SourceDate "2014.11.26"]

1. d4 Nf6 2. Nf3 g6 3. g3 Bg7 4. Bg2 d6 5. O-O O-O 6. Nc3 d5 7. Bf4 c6 8. Qc1
Re8 9. Bh6 Bh8 10. Re1 Ne4 11. Nxe4 dxe4 12. Ng5 Qxd4 13. c3 Qe5 14. Bxe4 Nd7
15. Bc2 Nc5 16. e4 Ne6 17. Nf3 Qh5 18. Qe3 Nc5 19. Nd2 b6 20. h4 Ba6 21. f3
Rad8 22. Bg5 Bf6 23. Kg2 Ne6 24. f4 Bxg5 25. hxg5 Qg4 26. Nf3 Rd6 27. Rad1 Ng7
28. Ne5 Qc8 29. Bb3 Rf8 30. Rh1 c5 31. Bd5 e6 32. Bb3 Rxd1 33. Rxd1 Rd8 34.
Rxd8+ Qxd8 35. Ba4 Qd6 36. c4 Bb7 37. Kf2 Kf8 38. Nd7+ Ke7 39. g4 e5 40. f5 Ne8
41. f6+ Kd8 42. b4 cxb4 43. c5 bxc5 44. Nxc5 Bc8 45. Bb3 Qc7 46. Nd3 Nd6 47.
Nxe5 Bb7 48. Qd4 Kc8 49. Bd5 Qc2+ 50. Kf3 Qc3+ 51. Qxc3+ bxc3 52. Bb3 Nxe4 53.
Ke3 Nxg5 54. Bxf7 Nxf7 55. Nxf7 Kd7 56. g5 Bd5 57. Nh6 Be4 58. Ng4 Bb1 59. a3
Ke6 60. Ne5 Ba2 61. f7 Ke7 62. Kd3 Bxf7 63. Kxc3 Bd5 64. Kd4 Ke6 65. Ng4 Bb7
66. Nh6 Bf3 67. Ke3 Bd5 68. Ng4 Bb3 69. Kf4 Bd1 70. Ne5 Kd5 71. Nd7 Kc4 72. Ke3
Kb3 73. Kd2 Bf3 74. Kc1 Kxa3 75. Kb1 Kb3 76. Nf6 a5 77. Nxh7 Be4+ 78. Ka1 a4
79. Nf8 a3 80. Nxg6 1/2-1/2

[Event "Qatar Masters Open 2014"]
[Site "Doha QAT"]
[Date "2014.11.26"]
[Round "1.72"]
[White "Foisor, Sabina-Francesca"]
[Black "Ghaem Maghami, Ehsan"]
[Result "1/2-1/2"]
[WhiteElo "2270"]
[BlackElo "2559"]
[PlyCount "33"]
[EventDate "2014.11.26"]
[EventType "swiss"]
[EventRounds "9"]
[EventCountry "QAT"]
[Source "lmi"]
[SourceDate "2014.11.26"]

1. d4 Nf6 2. c4 e6 3. Nc3 Bb4 4. Qc2 O-O 5. Nf3 d5 6. Bg5 Nbd7 7. e3 c5 8. cxd5
exd5 9. Be2 Qa5 10. O-O Re8 11. Bf4 c4 12. Nd2 Nb6 13. Nb3 Qa6 14. Nc5 Qa5 15.
Nb3 Qa6 16. Nc5 Qa5 17. Nb3 1/2-1/2

[Event "Qatar Masters Open 2014"]
[Site "Doha QAT"]
[Date "2014.11.26"]
[Round "1.73"]
[White "Indjic, Aleksandar"]
[Black "Kathmale, Sameer"]
[Result "1-0"]
[WhiteElo "2538"]
[BlackElo "2267"]
[PlyCount "67"]
[EventDate "2014.11.26"]
[EventType "swiss"]
[EventRounds "9"]
[EventCountry "QAT"]
[Source "lmi"]
[SourceDate "2014.11.26"]

1. Nf3 d5 2. g3 Nf6 3. Bg2 c6 4. d3 Nbd7 5. Nbd2 e5 6. e4 Bd6 7. O-O O-O 8. Re1
Qc7 9. a4 a5 10. b3 b6 11. Bb2 dxe4 12. Nxe4 Nxe4 13. Rxe4 Bb7 14. Rh4 h6 15.
Nd2 Be7 16. Rh5 Rae8 17. Nc4 Bg5 18. h4 Bf6 19. Rf5 g6 20. Rxf6 Nxf6 21. Qd2
Re6 22. Qxh6 c5 23. Nxe5 Rxe5 24. Qf4 Rfe8 25. Qxf6 Bxg2 26. Bxe5 Rxe5 27. Kxg2
Rf5 28. Qc3 Qc6+ 29. Kg1 g5 30. hxg5 Rxg5 31. Re1 Rh5 32. Re4 f5 33. Qc4+ Kf8
34. Qe6 1-0

[Event "Qatar Masters Open 2014"]
[Site "Doha QAT"]
[Date "2014.11.26"]
[Round "1.74"]
[White "Liang, Awonder"]
[Black "Gao, Rui"]
[Result "0-1"]
[WhiteElo "2266"]
[BlackElo "2523"]
[PlyCount "74"]
[EventDate "2014.11.26"]
[EventType "swiss"]
[EventRounds "9"]
[EventCountry "QAT"]
[Source "lmi"]
[SourceDate "2014.11.26"]

1. e4 c5 2. Nf3 e6 3. d4 cxd4 4. Nxd4 Nc6 5. Nc3 Qc7 6. Be2 a6 7. Be3 Nf6 8.
O-O Be7 9. Kh1 d6 10. a4 O-O 11. Nb3 b6 12. f4 Bb7 13. Bf3 Rfe8 14. g4 d5 15.
exd5 Rad8 16. Bg2 Nb4 17. a5 Nfxd5 18. Nxd5 Bxd5 19. Bxb6 Qc6 20. Qe2 Qxc2 21.
Qxc2 Nxc2 22. Bxd5 Rxd5 23. Rac1 Nb4 24. Nc5 h5 25. h3 Rb8 26. Rfd1 Bxc5 27.
Bxc5 Nd3 28. Ba7 Ra8 29. Rc7 Rxa7 30. Rxa7 Nf2+ 31. Kg2 Nxd1 32. Rxa6 Nxb2 33.
Rb6 Nc4 34. Rb8+ Kh7 35. a6 Ra5 36. Rb4 Ne3+ 37. Kf2 Nd5 0-1

[Event "Qatar Masters Open 2014"]
[Site "Doha QAT"]
[Date "2014.11.26"]
[Round "1.75"]
[White "Xu, Jun"]
[Black "Ni, Shiqun"]
[Result "1-0"]
[WhiteElo "2523"]
[BlackElo "2262"]
[PlyCount "97"]
[EventDate "2014.11.26"]
[EventType "swiss"]
[EventRounds "9"]
[EventCountry "QAT"]
[Source "lmi"]
[SourceDate "2014.11.26"]

1. Nf3 Nf6 2. c4 g6 3. Nc3 d5 4. cxd5 Nxd5 5. Qc2 Nc6 6. Qb3 Ndb4 7. a3 Be6 8.
Qd1 Nd5 9. e4 Nb6 10. d4 Bc4 11. Bxc4 Nxc4 12. d5 N6e5 13. Nxe5 Nxe5 14. f4 Nd7
15. Qd4 f6 16. h4 c5 17. dxc6 bxc6 18. h5 gxh5 19. Be3 Qb6 20. Qd2 Qb3 21. Rd1
O-O-O 22. Qe2 e6 23. Rxh5 c5 24. Qa6+ Kb8 25. f5 e5 26. Qe6 Qb7 27. Bf2 Qc7 28.
Nd5 Qa5+ 29. Kf1 Qb5+ 30. Ke1 Qa5+ 31. Nc3 Qc7 32. Kf1 Nb6 33. Qxf6 Rxd1+ 34.
Nxd1 Bg7 35. Qe6 Qd8 36. Ke2 c4 37. Rh3 Re8 38. Qc6 Re7 39. Bh4 Qd7 40. Qxd7
Rxd7 41. Nc3 Rb7 42. Rg3 Nc8 43. Na4 Nd6 44. f6 Bh6 45. Rg8+ Kc7 46. g4 Rb8 47.
Rxb8 Kxb8 48. g5 Bf8 49. Nc5 1-0

[Event "Qatar Masters Open 2014"]
[Site "Doha QAT"]
[Date "2014.11.26"]
[Round "1.76"]
[White "Mamedjarova, Zeinab"]
[Black "Donchenko, Alexander"]
[Result "0-1"]
[WhiteElo "2241"]
[BlackElo "2523"]
[PlyCount "60"]
[EventDate "2014.11.26"]
[EventType "swiss"]
[EventRounds "9"]
[EventCountry "QAT"]
[Source "lmi"]
[SourceDate "2014.11.26"]

1. d4 d5 2. c4 dxc4 3. Nf3 a6 4. e3 Nf6 5. Bxc4 e6 6. O-O c5 7. Bb3 Nc6 8. Qe2
Qc7 9. Nc3 Bd6 10. dxc5 Bxc5 11. Bd2 O-O 12. Rac1 Rd8 13. h3 Bd6 14. Rfd1 Bd7
15. e4 Be8 16. Bg5 h6 17. Bxf6 gxf6 18. Nd5 exd5 19. exd5 Qe7 20. Qd2 Ne5 21.
Nh4 Bd7 22. Qxh6 Ng6 23. Rd4 Rac8 24. Rcd1 Re8 25. g3 Qf8 26. Qh5 Re5 27. Qf3
Qg7 28. Bc4 Rg5 29. Kh2 Ne5 30. Qe2 Nxc4 0-1

[Event "Qatar Masters Open 2014"]
[Site "Doha QAT"]
[Date "2014.11.26"]
[Round "1.77"]
[White "Libiszewski, Fabien"]
[Black "Tomashevskaya, Lidia"]
[Result "1-0"]
[WhiteElo "2522"]
[BlackElo "2210"]
[PlyCount "69"]
[EventDate "2014.11.26"]
[EventType "swiss"]
[EventRounds "9"]
[EventCountry "QAT"]
[Source "lmi"]
[SourceDate "2014.11.26"]

1. Nf3 d5 2. g3 Bg4 3. Bg2 c6 4. c4 e6 5. O-O Nd7 6. cxd5 exd5 7. Qb3 Qb6 8.
Qc2 Ngf6 9. d3 Bd6 10. Nc3 O-O 11. e4 dxe4 12. dxe4 Rfe8 13. Be3 Qa5 14. h3
Bxf3 15. Bxf3 Ne5 16. Be2 Bc5 17. Bd2 Qc7 18. Kg2 Ned7 19. f4 Bb4 20. Bf3 Nb6
21. a3 Bxc3 22. Bxc3 Rad8 23. Rfe1 Rd7 24. a4 Red8 25. a5 Nc4 26. Re2 Ne8 27.
e5 b6 28. axb6 Qxb6 29. Qa4 Ne3+ 30. Kh2 Rc8 31. Qa6 Qxa6 32. Rxa6 Rd3 33. Be4
Nf1+ 34. Kg2 Rd1 35. Be1 1-0

[Event "Qatar Masters Open 2014"]
[Site "Doha QAT"]
[Date "2014.11.27"]
[Round "2.7"]
[White "Tomashevsky, Evgeny"]
[Black "Lenderman, Aleksandr"]
[Result "1-0"]
[WhiteElo "2714"]
[BlackElo "2598"]
[PlyCount "93"]
[EventDate "2014.11.26"]
[EventType "swiss"]
[EventRounds "9"]
[EventCountry "QAT"]
[Source "lmi"]
[SourceDate "2014.11.26"]

1. d4 Nf6 2. c4 e6 3. Nc3 Bb4 4. e3 O-O 5. Bd3 d5 6. Nf3 c5 7. O-O cxd4 8. exd4
dxc4 9. Bxc4 b6 10. Bg5 Bb7 11. Qe2 Bxc3 12. bxc3 Nbd7 13. Nd2 Qc7 14. Rac1
Rfe8 15. Rfe1 Rac8 16. f3 Nd5 17. Bh4 Nf4 18. Qe3 Nd5 19. Qd3 Nf4 20. Qc2 Bd5
21. Ba6 Bb7 22. Bf1 e5 23. Qb2 h6 24. Bg3 Nh5 25. Bf2 Nhf6 26. Nc4 Bd5 27. Ne3
exd4 28. cxd4 Qf4 29. Rxc8 Rxc8 30. Qb5 Bc6 31. Qa6 Qb8 32. Nf5 Bb7 33. Qa4 Rd8
34. Bg3 Qa8 35. Bc7 Rf8 36. Bd6 Rd8 37. Bc7 Rf8 38. Bd6 Rd8 39. Be7 Rb8 40. Bb5
a6 41. Bxd7 b5 42. Qa3 Nxd7 43. Qd6 Bxf3 44. Qg3 g6 45. Nxh6+ Kh7 46. Nxf7 Bh5
47. Qg5 1-0

[Event "Qatar Masters Open 2014"]
[Site "Doha QAT"]
[Date "2014.11.27"]
[Round "2.9"]
[White "Kryvoruchko, Yuriy"]
[Black "Hovhannisyan, Robert"]
[Result "1-0"]
[WhiteElo "2706"]
[BlackElo "2591"]
[PlyCount "61"]
[EventDate "2014.11.26"]
[EventType "swiss"]
[EventRounds "9"]
[EventCountry "QAT"]
[Source "lmi"]
[SourceDate "2014.11.26"]

1. c4 c6 2. Nf3 d5 3. g3 dxc4 4. Bg2 Nf6 5. O-O e6 6. Qc2 b5 7. d3 cxd3 8. exd3
Bb7 9. Ne5 Bd6 10. d4 O-O 11. Nc3 a6 12. Bg5 Be7 13. Rfd1 Nfd7 14. Bxe7 Qxe7
15. Nd3 Rd8 16. Rac1 Ra7 17. Ne4 Nf6 18. Nxf6+ Qxf6 19. Qc5 Ra8 20. Qb6 Qe7 21.
d5 cxd5 22. Rc7 Rd7 23. Rxd7 Qxd7 24. Nc5 Qc8 25. Qxb7 Nc6 26. Qxc8+ Rxc8 27.
Nxa6 Ra8 28. Nc7 Ra5 29. Rc1 Nd4 30. Bf1 Kf8 31. a3 1-0

[Event "Qatar Masters Open 2014"]
[Site "Doha QAT"]
[Date "2014.11.27"]
[Round "2.10"]
[White "Bogner, Sebastian"]
[Black "Yu, Yangyi"]
[Result "0-1"]
[WhiteElo "2598"]
[BlackElo "2705"]
[PlyCount "120"]
[EventDate "2014.11.26"]
[EventType "swiss"]
[EventRounds "9"]
[EventCountry "QAT"]
[Source "lmi"]
[SourceDate "2014.11.26"]

1. d4 Nf6 2. c4 e6 3. Nf3 d5 4. Nc3 Bb4 5. Bg5 h6 6. Bxf6 Qxf6 7. Qa4+ Nc6 8.
e3 O-O 9. Be2 Bd7 10. Qb3 dxc4 11. Qxc4 Qg6 12. O-O Bd6 13. Nh4 Qc2 14. Bd3
Qxb2 15. Rab1 Qa3 16. Nb5 Qa5 17. Nxd6 cxd6 18. Rxb7 Qd8 19. Qc3 a5 20. a3 Ne7
21. Nf3 Rc8 22. Qd2 Bc6 23. Ra7 Bxf3 24. gxf3 Nc6 25. Ra6 Qg5+ 26. Kh1 Nxd4 27.
Bh7+ Kxh7 28. Qxd4 Qf5 29. f4 Qb5 30. Rg1 Qb7+ 31. e4 e5 32. Rb6 exd4 33. Rxb7
Rc3 34. Rd1 Rxa3 35. Kg2 d3 36. f5 a4 37. Rd7 Rc3 38. Rxd6 Ra8 39. R6xd3 Rxd3
40. Rxd3 a3 41. Rd1 a2 42. Ra1 g6 43. fxg6+ Kxg6 44. Kg3 Ra4 45. Kf4 f5 46. f3
Kf6 47. Ke3 fxe4 48. fxe4 Ke5 49. Kd3 h5 50. h4 Ra8 51. Kc3 Kxe4 52. Kb2 Kf3
53. Rf1+ Kg2 54. Ra1 Ra7 55. Kc2 Kg3 56. Kb2 Kxh4 57. Rh1+ Kg3 58. Ka1 h4 59.
Rg1+ Kf2 60. Rg8 Ra3 0-1

[Event "Qatar Masters Open 2014"]
[Site "Doha QAT"]
[Date "2014.11.27"]
[Round "2.11"]
[White "Moiseenko, Alexander"]
[Black "Wen, Yang"]
[Result "1-0"]
[WhiteElo "2701"]
[BlackElo "2586"]
[PlyCount "81"]
[EventDate "2014.11.26"]
[EventType "swiss"]
[EventRounds "9"]
[EventCountry "QAT"]
[Source "lmi"]
[SourceDate "2014.11.26"]

1. d4 Nf6 2. c4 g6 3. Nc3 Bg7 4. e4 d6 5. Bd3 O-O 6. Nge2 c5 7. d5 e6 8. Bg5 h6
9. Bh4 exd5 10. Nxd5 Nc6 11. O-O g5 12. Bg3 Nh5 13. Qd2 Be6 14. Rae1 Ne5 15. b3
Bxd5 16. exd5 f5 17. f4 Nxd3 18. Qxd3 Qf6 19. fxg5 hxg5 20. h3 f4 21. Bh2 Qh6
22. Nc3 g4 23. Re6 Qh8 24. Nb5 g3 25. Nxd6 gxh2+ 26. Kxh2 Ng3 27. Rfe1 b6 28.
Rg6 Qh4 29. Rg4 Qh7 30. Qxh7+ Kxh7 31. Re7 Nh5 32. Rg5 Kh6 33. h4 Bd4 34. Nf5+
Rxf5 35. Rxf5 Nf6 36. Rxf4 Rg8 37. Kh3 Nh5 38. Re6+ Kh7 39. Rf7+ Ng7 40. h5 Rh8
41. Rxa7 1-0

[Event "Qatar Masters Open 2014"]
[Site "Doha QAT"]
[Date "2014.11.27"]
[Round "2.12"]
[White "Melkumyan, Hrant"]
[Black "Jussupow, Artur"]
[Result "1/2-1/2"]
[WhiteElo "2678"]
[BlackElo "2581"]
[PlyCount "90"]
[EventDate "2014.11.26"]
[EventType "swiss"]
[EventRounds "9"]
[EventCountry "QAT"]
[Source "lmi"]
[SourceDate "2014.11.26"]

1. d4 Nf6 2. c4 e6 3. g3 Bb4+ 4. Bd2 Be7 5. Bg2 d5 6. Nf3 O-O 7. O-O Nbd7 8.
Bf4 dxc4 9. Qc2 Nd5 10. Qxc4 Nxf4 11. gxf4 c6 12. Nbd2 Qa5 13. e3 Nf6 14. Rfd1
Qh5 15. Nf1 Nd5 16. Ng3 Qh6 17. Kh1 Bd7 18. Ne4 Be8 19. Rg1 f5 20. Neg5 Qf6 21.
Ne5 h6 22. Ngf3 Rc8 23. Bh3 Bd6 24. Rg3 Rc7 25. Rag1 Bh5 26. Qf1 Rfc8 27. Nd3
c5 28. dxc5 Bxc5 29. Nfe5 Bf8 30. Bg2 Qd8 31. Bf3 Bxf3+ 32. Rxf3 Nb4 33. Nxb4
Bxb4 34. Qb5 Bd6 35. Rfg3 Bxe5 36. Qxe5 Qd5+ 37. Qxd5 exd5 38. Rg6 Rd7 39. Rxh6
Rc2 40. Rf6 Rxf2 41. Rxf5 Rxb2 42. Rg2 Rb1+ 43. Rg1 Rb2 44. Rg2 Rb1+ 45. Rg1
Rb2 1/2-1/2